000 00590nam a2200241Ia 4500
003 OSt
005 20220918200317.0
006 a|||||r|||| 00| 0
007 ta
008 220917b |||||||| |||| 00| 0 eng d
024 _a88,268
037 _cTextual
040 _aARTS
_cARTS
_beng
041 _2eng
_aeng
082 _aU:64:N5, 113J8
100 _aBlenck E
_993530
245 0 _aSouth West Africa
260 _c1958
650 _aGEOGRAPHY
700 _a Blenck H
_993531
942 _hU:64:N5, 113J8
_cTEXL
_2CC
999 _c211958
_d211958